000 00967nam a2200313 a 4500
003 AR-BaBNM
005 20251128205703.0
008 082120s2002 ||||||||||||||000 | spa||
020 _a950-9843-15-6
040 _cAR-BaBNM
245 0 0 _aCartas anuas de la provincia jesuítica del Paraguay
_b1632 a 1634
260 _aBuenos Aires
_bAcademia Nacional de la Historia
_c1990
300 _a233 p.
_bmapas, láms.
500 _aIndice onomástico p. 219-223
500 _aEdición realizada con motivo delQuinto Centenario del Descubrimiento de América
650 4 _aHISTORIA ECONOMICA
650 4 _aCOMERCIO
650 4 _aMISIONES JESUITICAS
650 4 _aABORIGENES
650 4 _aMISIONES RELIGIOSAS
650 4 _aHISTORIA SOCIAL
650 4 _aTOLERANCIA
650 4 _aHISTORIA POLITICA
650 4 _aGUERRA GUARANITICA
650 4 _aHISTORIA DE LA EDUCACION
700 1 _aMaeder, Ernesto J.A.
_eprologuista
942 _cBK
998 _cMariana
999 _c12403
_d12403